| 000 | 00406nam a22001697a 4500 | ||
|---|---|---|---|
| 999 |
_c18775 _d18775 |
||
| 003 | OSt | ||
| 005 | 20200109221852.0 | ||
| 008 | 161109b xxu||||| |||| 00| 0 eng d | ||
| 020 | _a978-0230321946 | ||
| 040 | _cLIRC | ||
| 082 | _a332.10973 IIB | ||
| 100 |
_9237 _aIIBF |
||
| 245 | _aCorporate banking | ||
| 260 |
_aNew Delhi _bMacmillan _c2015 |
||
| 300 |
_a300 _c18 x 8.4 x 17.8 cm |
||
| 942 |
_2ddc _cGB _02 |
||